000 00862nam a22002537a 4500
005 20140312084333.0
008 140312bc200 zw ||||| |||| 00| 0 spa d
020 _a2831705649
041 _aeng
044 _asz
082 _a591.042
_bU33r
110 2 _aUICN
_920453
245 1 0 _a2000 UICN Red List of Threatened Species
_ccompilado por Craig Hilton-Taylor
260 _aGland, Suiza
_bUICN
_bSpecies Survival Commission
_bConservation International
_cc2000
300 _a61 p. + CD-Rm
_bmapas, gráficos
_c28 cm.
500 _aIncluye CD.Rom con lista de especies y aplicativo CID-059964
650 0 _aWildlife conservation
_920454
650 0 _aEndangered species
_920279
650 1 _aRare animals
_920455
650 1 _aExtinction (Biology)
_920456
650 1 _aWildlife conservation
_920457
700 1 _aMeadway, Wendy
_920458
942 _2ddc
_cImpreso
999 _c8274
_d8274